Mots en anglais 2 - Statistiques

Statistiques générales
  • Ce quiz a été pris 187 fois
  • Le résultat moyen est 6 sur 20
Statistiques - réponses
Français Anglais % Correct
Genou Knee
78%
Ombre Shadow
74%
Laboratoire Lab
73%
Poids Weight
66%
Invité Guest
53%
Joue Cheek
52%
Coude Elbow
46%
Pouce Thumb
45%
Vendeur Seller
41%
Labyrinthe Maze
32%
Vallée Valley
30%
Sentir To smell
29%
Cligner des yeux To blink
27%
Plumes Feathers
25%
Otage Hostage
23%
Laine Wool
21%
Lécher To lick
19%
Sirop (médicament) Syrup
13%
Ennui Boredom
11%
Fil Thread
8%
Frotter To rub
4%
Piquer To sting
4%
Plateau de cuisine Tray
4%
Tranchée (guerre) Trench
4%
Machine à écrire Typewriter
4%
Enjeu Stake
3%
Passoire Colander
0%
Sentier Footpath
0%
Ferraille Scrap
0%
Découvrir To uncover
0%
Aucun quiz correspondant
Distribution des résultats
% des personnes avec chaque résultat
Percentile par nombre de réponses
Votre historique - résultats
Vous n’avez pas pris ce quiz